| 000 | 00000nam##2200000za#4500 |
| 001 | 9.607754 |
| 003 | CaOODSP |
| 005 | 20230801131724 |
| 007 | cr ||||||||||| |
| 008 | 150406|2012||||xxc|||||o f|0| 0 fre|d |
| 040 | |aCaOODSP|bfre |
| 043 | |an-cn--- |
| 086 | 1 |aPS83-7/2012-1F-PDF |
| 110 | 2 |aService correctionnel Canada. |bDirection de la recherche. |
| 245 | 13|aLe récidivisme chez les délinquants sexuels présentant un risque ou des besoins élevés qui font l'objet d'un traitement pharmacologique |h[ressource électronique] |
| 260 | |aOttawa - Ontario : |bService correctionnel Canada. |cJuillet 2012. |
| 300 | |a1p. |
| 490 | 1 |aSommaire de recherche externe |vN° 12-01 |
| 590 | |a14-16-Supp|b2014-09-25 |
| 775 | 08|tRecidivism in pharmacologically treated high risk/high need sex offenders |w(CaOODSP)9.580811 |
| 830 | #0|aSommaire de recherche externe ;|vN° 12-01|w(CaOODSP)9.504283 |
| 856 | 40|ahttp://publications.gc.ca|qPDF|s86 Ko|uhttps://publications.gc.ca/collections/collection_2014/scc-csc/PS83-7-12-1-fra.pdf|yN° 12-01 |